000 04211cam a22013334i 4500
003 PE-LiUPU
005 20250813185513.0
008 150625s2003 xxua r 000 0 spa d
020 _a9275322929
020 _a9789275322925
035 _a(Sirsi) i927512292
040 _aPE-LiUPU
_bspa
_cPE-LiUPU
_erda
049 _aPRUA
082 0 4 _a362.8292
_bV41
_221
100 1 _aVelzeboer, Marijke,
_eautor.
245 1 3 _aLa violencia contra las mujeres :
_bresponde el sector de la salud /
_cMarijke Velzeboer [y otros tres].
264 1 _aWashington :
_bOrganizació Panamericana de la Salud,
_c2003.
300 _a131 páginas :
_bilustraciones ;
_c28 centímetros.
336 _atext
_2rdacontent
337 _aunmediated
_2rdamedia
338 _avolume
_2rdacarrier
490 0 _aPublicación ocacional ;
_v12
504 _aIncluye referencias bibliográficas.
505 0 _aLa violencia basada en el género: un problema de salud pública y de derechos humanos -- Los estudios de la "Ruta Crítica": de la investigación a la acción -- Unir fuerzas para abordar la violencia basada en el género en las Américas -- Reformas políticas y jurídicas relacionadas con la violencia basada en el género -- El sector de la salud: establecimiento de un enfoque integral -- ¿Qué sucede en la clínica? -- Más allá de la clínica: la prevención de la violencia con otros aliados de la comunidad -- Implicaciones mundiales: el enfoque de la OPS de la violencia basada en el género.
526 _aP202
526 _aP201
526 _aP163
526 _aP162
526 _aP161
526 _aP160
526 _aP148
526 _aP147
526 _aP146
526 _aP145
526 _aP144
526 _aP143
526 _aP142
526 _aP141
526 _aP140
526 _aP139
526 _aP138
526 _aP137
526 _aP136
526 _aP135
526 _aP134
526 _aP133
526 _aP129
526 _aP128
526 _aP127
526 _aP120
526 _aP119
526 _aP118
526 _aP116
526 _aP115
526 _aP114
526 _aP110
526 _aP109
526 _aP108
526 _aP104
526 _aP103
526 _aP102
526 _aP99
526 _aP98
526 _aP97
526 _aP96
526 _aP95
526 _aP93
526 _aP90
526 _aP89
526 _aP88
526 _aP83
526 _aP82
526 _aP62
526 _aP59
526 _aP58
526 _aP57
526 _aP51
526 _aP49
526 _aP48
526 _aP47
526 _aP29
526 _aP24
526 _aP20
526 _aP19
526 _aP17
526 _aP15
526 _aP14
526 _aP12
526 _aP10
526 _aP09
526 _aP08
526 _aP07
526 _aP06
526 _aP05
526 _aP04
526 _aP01
541 _g07700853;
541 _g002-003494;
650 0 4 _aMujeres
_xSalud.
650 0 4 _aViolencia contra las mujeres.
700 1 _aClavel-Arcas, Carmen,
_eautor.
700 1 _aEllsberg, Mary,
_eautor.
700 1 _aGarcía Moreno, Claudia,
_eautor.
710 2 _aOrganización Mundial de la Salud
910 _baj
_cng
_d20051012
910 _adbm
_bncf
_cncf
_d20190613
942 _2ddc
_cBOOK
949 _a362.8292 V41
_wDEWEY
_c1
_i60857
_d2016-10-9
_e2016-10-9
_lCCODEBUL1
_mBUL
_n4
_p13.00
_r0
_sY
_tBOOK
_u2015-6-25
_xTEOLOGIA
_zUNKNOWN
_0COMPRA
_o.STAFF. Colección Teología
949 _a362.8292 V41
_wDEWEY
_c2
_i55804
_lCCODEBUL1
_mBUL
_p21.00
_r0
_sY
_tBOOK
_u2015-6-25
_xTEOLOGIA
_zUNKNOWN
_0COMPRA
_o.STAFF. Colección General
994 _aC0
_bPEPRU
596 _a1
999 _a362.8292 V41
_wDEWEY
_c44672
_i60857
_d44672
_e2019-9-5
_f2021-11-11
_g5
_lCCODEBUL1
_mBUL
_n5
_p13.00
_r0
_sY
_tBOOK
_u2015-6-25
_xTEOLOGIA
_PP35
_0COMPRA
_o.STAFF. Colección Teología
999 _a362.8292 V41
_wDEWEY
_c2
_i55804
_d2019-5-28
_f2021-11-11
_g6
_lCCODEBUL1
_mBUL
_p21.00
_q1
_r0
_sY
_tBOOK
_u2015-6-25
_xTEOLOGIA
_zUNKNOWN
_0COMPRA
_o.STAFF. Colección General
980 _81
_gALBERTO SANCHEZ Responsable de Automatización